000 01276nam0a2200313 4500
001 RU\NLR\bibl\1747556
005 20260405214812.0
035 _a(NLR Aleph) 001738442
090 _a1444022
_c1444022
100 _a20110317d1999 |||y0rusy50 ca
101 0 _arus
102 _aRU
105 _aa |||||||||
200 1 _aЛомбард
_fСергей Бардин
_g[рис. Гарифа Басырова]
210 _aМосква
_cЗолотой век
_d1999
215 _a363 с.
_cил.
_d22
225 1 _aБиблиотека журнала "Золотой век"
300 _aНа обороте тит. л.: ISSN 0869-5849
327 1 _aСодерж.: рассказы: разд.: "Развеселый разговор"; "Несчастливый думает о счастье"; "Враки"; "Вкусно и полезно"; повесть: Пастораль
686 _aШ6(2=Р)8-44
700 1 _aБардин
_bС
_gСергей
_4070
702 1 _4440
_7ca
_8rus
_aБасыров
_bГ. Ш.
_cхудожник
_f1944-2004
_gГариф Шарипович
_980657
_3RU\NLR\AUTH\7797731
801 0 _aRU
_bNLR
_c20110317
_gRCR
801 1 _aRU
_bNLR
_c20110317
942 _cBOOK
980 _aNB